Wyraz z „bankiem”. - Statystyki

Ogólne statystyki
  • Ten quiz został rozwiązany 16 razy
  • Średni wynik to 3 z 6
Statystyki odpowiedzi
Hint Odpowiedź % Poprawnych
4. Bankier
73%
2. Banknot
53%
6. Bankrut
53%
1. Bankomat
47%
5. Bankiet
33%
3. Parabank
13%
Nie znaleziono quizów pasujących do podanych kryteriów
Rozkład punktacji
Procent ludzi z każdym wynikiem
Percentyl według liczby udzielonych odpowiedzi
Twoja historia wyników
Nie rozwiązałeś tego quizu